000 00683nam a2200229 i 4500
001 18353
003 ES-MaACL
005 20230906151823.0
007 t|
008 011119s2001 sp ||||1| spa d
020 _a84-8432-258-0
080 _a539.12
100 1 _aYnduráin, F.J.
_9117646
245 1 0 _aElectrones, neutrinos y quarks
_b: la física de partículas ante el nuevo milenio /
_cF.J. Ynduráin.
260 _aBarcelona :
_bCrítica,
_c[2001]
300 _a268 p. :
_bil. ;
_c24 cm.
490 1 _aDrakontos
650 1 4 _aPartículas (Física nuclear)
_915856
830 0 _aDrakontos
_9179166
852 _aES-MaACL
_jL-25038
_bR.130631
999 _c18353
_d18353